Advanced engineering mathematics (Record no. 1337)

000 -LEADER
fixed length control field 00610nam a2200217 a 4500
001 - CONTROL NUMBER
control field 1337
003 - CONTROL NUMBER IDENTIFIER
control field BD-DhUET
008 - FIXED-LENGTH DATA ELEMENTS--GENERAL INFORMATION
fixed length control field 980909s1999 nyua b 001 0 eng
020 ## - INTERNATIONAL STANDARD BOOK NUMBER
International Standard Book Number 047133328X
040 ## - CATALOGING SOURCE
Original cataloging agency DLC
Transcribing agency DLC
Modifying agency BD-DhUET
082 00 - DEWEY DECIMAL CLASSIFICATION NUMBER
Classification number 530.15
Item number KRE/1999
100 ## - MAIN ENTRY--PERSONAL NAME
Personal name Kreyszig, Erwin
245 10 - TITLE STATEMENT
Title Advanced engineering mathematics
250 ## - EDITION STATEMENT
Edition statement 8th ed.
260 ## - PUBLICATION, DISTRIBUTION, ETC. (IMPRINT)
Place of publication, distribution, etc. New Delhi
Name of publisher, distributor, etc. John Wiley & Sons
Date of publication, distribution, etc. 1999
300 ## - PHYSICAL DESCRIPTION
Extent xvi,1156 p.+ various paging
504 ## - BIBLIOGRAPHY, ETC. NOTE
Bibliography, etc Includes bibliographies
650 #0 - SUBJECT ADDED ENTRY--TOPICAL TERM
Topical term or geographic name as entry element Engineering mathematics
856 41 - ELECTRONIC LOCATION AND ACCESS
Uniform Resource Identifier http://www.loc.gov/catdir/toc/onix04/98037591.html
942 ## - ADDED ENTRY ELEMENTS (KOHA)
Koha item type General Book
Holdings
Shelving location Date acquired Sublocation or collection (holding branch) Copy number Lost status Piece designation (barcode) Koha item type Koha issues (times borrowed) Price effective from Withdrawn status Damaged status Koha date last seen Location (home branch) Koha full call number Not for loan Koha date last borrowed Koha renewals Source of classification or shelving scheme Koha normalized classification for sorting
Circulation section2014-09-03Central Library, BUET1 103814General Book22014-09-03  2024-03-06Central Library, BUET530.15/KRE/1999 2024-01-30  530_000000000000000_15KRE1999
Circulation section2014-09-03Central Library, BUET2 103815General Book 2014-09-03  2014-09-03Central Library, BUET530.15/KRE/1999    530_000000000000000_15KRE1999
Circulation section2014-09-03Central Library, BUET3 103816General Book62014-09-03  2024-02-03Central Library, BUET530.15/KRE/1999 2024-01-22  530_000000000000000_15KRE1999
Circulation section2014-09-03Central Library, BUET4 103817General Book32014-09-03  2024-02-17Central Library, BUET530.15/KRE/1999 2024-01-30  530_000000000000000_15KRE1999
Circulation section2014-09-03Central Library, BUET5 103818General Book52014-09-03  2024-02-19Central Library, BUET530.15/KRE/1999 2024-01-30  530_000000000000000_15KRE1999
Circulation section2014-10-27Central Library, BUET6 97509General Book82014-10-27  2024-02-05Central Library, BUET530.15/KRE/1999 2024-01-302 530_150000000000000_KRE_1999
Reading section2015-06-16Central Library, BUET7 96647Reading Item 2015-06-16  2015-06-16Central Library, BUET530.15/KRE/1999    530_150000000000000_KRE_1999
Circulation section2003-05-10Central Library, BUET8 97508General Book82017-05-28  2026-01-18Central Library, BUET530.15/KRE/1999 2025-12-01  530_150000000000000_KRE_1999